Wszystkie pomieszczenia w Among Us (The Skeld) - Statystyki

Ogólne statystyki
  • Ten quiz został rozwiązany 307 razy
  • Średni wynik to 11 z 14
Statystyki odpowiedzi
Pokój % Poprawnych
Admin
89%
Cafeteria
88%
Reactor
86%
Medbay
82%
Navigation
82%
Storage
82%
O2
80%
Security
80%
Electrical
77%
Lower Engine
77%
Upper Engine
77%
Weapons
75%
Shields
74%
Communications
64%
Nie znaleziono quizów pasujących do podanych kryteriów
Rozkład punktacji
Procent ludzi z każdym wynikiem
Percentyl według liczby udzielonych odpowiedzi
Twoja historia wyników
Nie rozwiązałeś tego quizu